Online
Catalog
Normal view MARC view

Entry Término temático

Number of records used in: 10

001 - NÚMERO DE CONTROL

  • campo de control: 11334

003 - IDENTIFICADOR DEL NÚMERO DE CONTROL

  • campo de control: BNPHU

005 - FECHA Y HORA DE LA ÚLTIMA TRANSACCIÓN

  • campo de control: 20251020111326.0

008 - DATOS DE LONGITUD FIJA

  • campo de control de longitud fija: 200615|| aca||aabn | a|a d

010 ## - NÚMERO DE CONTROL DE LA BIBLIOTECA DEL CONGRESO

  • Número de control de LC: sh 85033838

040 ## - FUENTE DE LA CATALOGACIÓN

  • Centro catalogador/agencia de origen: DO-SdBNP
  • Lengua de catalogación: spa
  • Centro/agencia transcriptor: BNPHU
  • Normas de descripción: rda

150 ## - ENCABEZAMIENTO--TÉRMINO DE MATERIA

  • Término de materia o nombre geográfico como elemento de entrada: Aptitud creadora en los negocios

450 0# - TRAZADO DE VÉASE--TÉRMINO DE MATERIA

  • Término de materia o nombre geográfico como elemento de entrada: Creative ability in business

450 0# - TRAZADO DE VÉASE--TÉRMINO DE MATERIA

  • Término de materia o nombre geográfico como elemento de entrada: Creatividad en la empresa

450 0# - TRAZADO DE VÉASE--TÉRMINO DE MATERIA

  • Término de materia o nombre geográfico como elemento de entrada: Aptitudes creativas en negocios

450 0# - TRAZADO DE VÉASE--TÉRMINO DE MATERIA

  • Término de materia o nombre geográfico como elemento de entrada: Creatividad en los negocios

550 ## - TRAZADO VÉASE ADEMÁS--TÉRMINO DE MATERIA

  • Término de materia o nombre geográfico como elemento de entrada: Negocios
  • Subcampo de control: g

550 ## - TRAZADO VÉASE ADEMÁS--TÉRMINO DE MATERIA

  • Término de materia o nombre geográfico como elemento de entrada: Éxito en los negocios

670 ## - FUENTE DE DATOS ENCONTRADOS

  • Cita de la fuente: Work cat.: (OSt)3544: Méndez, Wagner 1966- 731, Emprendedores :, 2009.

670 ## - FUENTE DE DATOS ENCONTRADOS

  • Identificador Uniforme del Recurso: https://librunam.dgb.unam.mx:8443/F/ERKHBPE666AKM8JMST4XJ66VV1GU1RVUJP8NPKRQHD9TEQJ8DH-12315?func=full-set-set&set_number=001398&set_entry=000001&format=001 Consultado en 20 de octubre, 2025
  • Identificador Uniforme del Recurso: https://authorities.loc.gov/authority/ee31e689-b5f5-4781-8880-941c75e2a6f1?searchFields=subject&searchType=begins&searchTerm=Creative+ability+in+business&limit=100&sortBy=relevance&headingRef=Creative+ability+in+business Consultado en 20 de octubre, 2025

750 0# - ENTRADA DE ENLACE DE ENCABEZAMIENTO ESTABLECIDO--TÉRMINO DE MATERIA

  • Término de materia o nombre geográfico como elemento de entrada: Creative ability in business
  • Número de control del registro de autoridad o número normalizado: sh 85033838

Powered by Koha